The German-Bolshevik conspiracy Issued / (Record no. 185066)
[ view plain ]
| 000 -LEADER | |
|---|---|
| campo de control de longitud fija | 01369nam a2200241 i 4500 |
| 001 - NÚMERO DE CONTROL | |
| campo de control | 185066 |
| 003 - IDENTIFICADOR DE NÚMERO DE CONTROL | |
| campo de control | ES-MaACL |
| 005 - FECHA Y HORA DE LA ÚLTIMA TRANSACCIÓN | |
| campo de control | 20230906222336.0 |
| 008 - DATOS DE LONGITUD FIJA--INFORMACIÓN GENERAL | |
| campo de control de longitud fija | 160316s1918 xxu |||| | eng d |
| 110 2# - ENTRADA PRINCIPAL--NOMBRE DE ENTIDAD CORPORATIVA | |
| Nombre de entidad corporativa o nombre de jurisdicción como elemento de entrada | United States. |
| Unidad subordinada | Committee on Public Information. |
| 9 (RLIN) | 159095 |
| 245 14 - MENCIÓN DEL TÍTULO | |
| Título | The German-Bolshevik conspiracy Issued / |
| Mención de responsabilidad, etc. | by the Committee on Public Information, George Creel, chairmanThe German-Bolshevik conspiracy. |
| 260 ## - PUBLICACIÓN, DISTRIBUCIÓN, ETC. | |
| Lugar de publicación, distribución, etc. | [Washington?] : |
| Nombre del editor, distribuidor, etc. | [s.n.], |
| Fecha de publicación, distribución, etc. | 1918. |
| 300 ## - DESCRIPCIÓN FÍSICA | |
| Extensión | 30 p. ; |
| Dimensiones | 31 cm. |
| 490 1# - MENCIÓN DE SERIE | |
| Mención de serie | War information series ; |
| Designación de volumen o secuencia | 20 |
| 505 8# - NOTA DE CONTENIDO CON FORMATO | |
| Nota de contenido con formato | Contiene: "A series of communications between the German Imperial government and the Russian Bolshevik government, and between the Bolsheviks themselves, also the report thereon made to George Creel by Edgar Sisson, the committee's special representative in Russia during the winter of 1917-18. There is also included, in Part II, a report by a committee appointed by the National Board for Historical Service to examine into the genuineness of these documents."--p.3. |
| 650 #4 - PUNTO DE ACCESO ADICIONAL DE MATERIA--TÉRMINO DE MATERIA | |
| Término de materia o nombre geográfico como elemento de entrada | Guerra mundial, 1914-1918- |
| Subdivisión geográfica | Alemania. |
| 9 (RLIN) | 155485 |
| 650 #4 - PUNTO DE ACCESO ADICIONAL DE MATERIA--TÉRMINO DE MATERIA | |
| Término de materia o nombre geográfico como elemento de entrada | Guerra mundial, 1914-1918- |
| Subdivisión geográfica | Unión Soviética. |
| 9 (RLIN) | 159096 |
| 651 #4 - PUNTO DE ACCESO ADICIONAL DE MATERIA--NOMBRE GEOGRÁFICO | |
| Nombre geográfico | URSS- |
| Subdivisión general | Historia- |
| Subdivisión cronológica | 1917-1936. |
| 9 (RLIN) | 9470 |
| 700 1# - ENTRADA AGREGADA--NOMBRE PERSONAL | |
| Nombre de persona | Sisson, Edgar Grant. |
| 9 (RLIN) | 159097 |
| 830 0# - PUNTO DE ACCESO ADICIONAL DE SERIE-TÍTULO UNIFORME | |
| Título uniforme | War information series ; |
| Designación de volumen o secuencia | 20 |
| 9 (RLIN) | 225163 |
| 852 ## - LOCALIZACIÓN | |
| Ubicación | ES-MaACL |
| Número de control de estantería | 1558-F-12 |
| Estatus retirado | Estado de pérdida | Estado de daño | No para préstamo | Colección | Biblioteca de origen | Biblioteca actual | Ubicación en estantería | Fecha de adquisición | Fuente de adquisición | Total de préstamos | Signatura topográfica completa | Código de barras | Visto por última vez | Precio de reemplazo | Tipo de ítem Koha |
|---|---|---|---|---|---|---|---|---|---|---|---|---|---|---|---|
| Colección de folletos | Biblioteca del Ateneo de Madrid | Biblioteca del Ateneo de Madrid | Depósito folletos | 16/03/2016 | 1558-F-12 | 1194934 | 23/02/2023 | 23/02/2023 | Folleto |
